| 000 | 00979cam a2200253 i 4500 | ||
|---|---|---|---|
| 999 |
_c7475 _d7475 |
||
| 005 | 20200309133923.0 | ||
| 008 | 170522s2018 nyua b 001 0 eng | ||
| 020 | _a9781138831049 (hardback) | ||
| 020 | _a9781138831063 (pbk.) | ||
| 040 |
_aDLC _beng _cDLC _erda _dDLC |
||
| 042 | _apcc | ||
| 050 | 0 | 0 |
_aTA684 _b.M384 2018 |
| 082 | 0 | 0 |
_a721.0447142 _223 _bMCM |
| 100 | 1 |
_aMcMullin, Paul W., _eauthor. |
|
| 245 | 1 | 0 |
_aSteel design / _cedited by Paul W. McMullin, Jonathan S. Price and Richard T. Seelos. |
| 300 |
_axvi, 311 pages : _billustrations (some color) ; _c20 cm |
||
| 504 | _aIncludes bibliographical references (pages [293]-294) and index. | ||
| 650 | 0 | _aBuilding, Iron and steel. | |
| 650 | 0 | _aStructural design. | |
| 700 | 1 |
_aPrice, Jonathan S., _eauthor. |
|
| 906 |
_a7 _bcbc _corignew _d1 _eecip _f20 _gy-gencatlg |
||
| 942 | _2ddc | ||